Statistics for Click the Sia Song Title Ending

Click here to take the quiz!

General Stats

  • This quiz has been taken 35 times
  • The average score is 15 of 20

Answer Stats

HintAnswer% Correct
Never GiveUp
96%
Move YourBody
93%
ElasticHeart
93%
Big GirlsCry
89%
Dusk TillDawn
89%
CaliforniaDreamin'
89%
CheapThrills
89%
Fire MeetGasoline
82%
GimmeLove
79%
SheWolf
79%
Bird SetFree
75%
TheGreatest
75%
Angel By TheWings
71%
SaltedWound
68%
Courage ToChange
61%
BrokenGlass
57%
Soon We'll BeFound
54%
Eye Of TheNeedle
54%
BreatheMe
50%
To BeHuman
43%

Score Distribution

Percentile by Number Answered

Percent of People with Each Score

Your Score History

You have not taken this quiz